| 000 | 00940aab a2200193 i 4500 | ||
|---|---|---|---|
| 001 | 768714001 | ||
| 003 | CO-MdFUSB | ||
| 005 | 20240422091023.0 | ||
| 008 | 240419t1987 ag ||||| |||| 00| 0 spa d | ||
| 040 |
_bspa _cCO-MdFUSB |
||
| 041 | _aspa | ||
| 245 | _aConcepciones contemporáneas de la diaconía | ||
| 300 |
_aVolumen 6, número 4 (diciembre, 1987), páginas: 34 - 41 _c; 27 cm |
||
| 520 | _aDeclaración elaborada por personas vinculadas con la Comisión de Ayuda Intereclesiástica, Servicio Mundial y Refugiados del Consejo Mundial de Iglesias CMI. Temas tratados en este documento es La vida en comunidad: sanar y compartir, Luchar por la justicia y la dignidad humana, entre otros. | ||
| 650 | 7 |
_aTeología pastoral y unidad cristiana _97183 |
|
| 650 | 0 |
_aIglesia y problemas sociales _91177 |
|
| 773 | 0 |
_tIglesia y Misión _049402 _959679 _gVolumen 6, número 4 (diciembre, 1987), páginas: 34 - 41 _qpágina: 34 |
|
| 942 | _cANA | ||
| 999 |
_c51740 _d51740 |
||